| 000 | 00692nam a22002057a 4500 | ||
|---|---|---|---|
| 005 | 20231121113954.0 | ||
| 010 | _aENG-138276 | ||
| 020 | _c200.00 | ||
| 035 | _aEN- 121808 | ||
| 037 | _bDBAD/PUB | ||
| 082 | _a370 | ||
| 245 |
_aSwami vivekananda and education; _bEmpowering Teacher Educators/ _cCompiled and Edited by K.P Panday, B.P Khandelwal, Shardindu |
||
| 260 |
_aNew Delhi _bNational Council for Teacher Education _c2015 |
||
| 270 |
_bNew Delhi _aHans Bhawan, 1, Bahadur shah Zafar Marg _e110002 |
||
| 300 |
_a151p. _c28cmpbk |
||
| 700 |
_a Panday K.P _958330 |
||
| 700 |
_aKhandelwal B.P. _958331 |
||
| 700 |
_aShardindu _958332 |
||
| 942 |
_2ddc _cEN _h370 _mSWA |
||
| 999 |
_c198796 _d198796 |
||